Statistics for 1-50 typing

Click here to take the quiz!

General Stats

  • This quiz has been taken 1,402 times
  • The average score is 34 of 50

Answer Stats

Number% Correct
1
100%
2
100%
3
98%
4
97%
5
95%
6
94%
7
93%
8
92%
9
92%
10
88%
11
86%
12
82%
13
81%
14
78%
15
78%
16
78%
17
78%
18
76%
19
76%
20
75%
21
74%
22
73%
23
72%
24
72%
25
72%
26
72%
27
70%
28
70%
29
69%
30
65%
31
63%
32
63%
33
60%
34
58%
35
56%
36
55%
37
53%
38
51%
39
50%
40
45%
41
44%
42
43%
43
42%
44
41%
45
39%
46
38%
47
37%
48
36%
49
35%
50
35%

Score Distribution

Percentile by Number Answered

Percent of People with Each Score

Your Score History

You have not taken this quiz